00481nam a2200181 a 4500001001300000003000900013005001700022008004100039020001000080082001800090245003800108260004600146300000800192500003500200505001000235650002400245710003000269nice12345678IN_TiNIC20260116012632.0050524s1977 thaa grp 000 0 eng  ac10000a291.172bWCC1 aInside Outb a Style for Dialogue aThailandbWorld Council of Churchesc1977 a75p aincludes index and biblioraphy2 aIndex aInterfaith Dialogue2 aWorld Council of Churches